|
|
|
|
| LEADER |
00000nab a2200000 4500 |
| 001 |
vtls012127487 |
| 003 |
SK-MaSNL |
| 005 |
20260318124313.0 |
| 008 |
220317|2022 xo |||| || ||00 0|hun |
| 015 |
|
|
|a SNBR2022/02
|
| 040 |
|
|
|a DSZK
|b slo
|d DSZK
|e rda
|
| 041 |
|
|
|a hun
|
| 043 |
|
|
|a e-xo---
|
| 044 |
|
|
|a xo
|c SK
|
| 072 |
|
7 |
|a 026/027
|x Knižnice
|2 konspekt
|
| 080 |
|
|
|a 026/027
|2 2011
|
| 110 |
1 |
|
|a Redakcia časopisu Csiliznyáradi Szemle
|4 aut
|9 1281738
|
| 245 |
0 |
0 |
|a Megújult a helyi könyvtár
|c [szerző] (-)
|
| 300 |
|
|
|b Fotografie
|
| 336 |
|
|
|a text
|b txt
|2 rdacontent
|
| 337 |
|
|
|a bez média
|b n
|2 rdamedia
|
| 338 |
|
|
|a zväzok
|b nc
|2 rdacarrier
|
| 650 |
0 |
7 |
|a knižnice
|2 SNKPH
|9 17965
|
| 650 |
0 |
7 |
|a obecné knižnice
|2 dszk
|9 70141
|
| 651 |
|
7 |
|a Ňárad (Slovensko)
|2 SNKPHgeo
|9 115321
|
| 773 |
0 |
|
|t Csiliznyáradi szemle
|g Évf. VII, sz. 1 (2022), o. 5
|x 2453-9562
|
| 958 |
|
|
|a SK
|
| 958 |
|
|
|a HU
|
| 958 |
|
|
|a RG
|
| 999 |
|
|
|c 2547113
|d 2549043
|